Statistieken voor Raad het Liedje nr.5

Klik hier om de quiz te nemen!

Algemene statistieken

  • Deze quiz is 64 keer genomen
  • De gemiddelde score is 249 van 355

Antwoordstatistieken

Antwoord% Correct
Ik
97%
ik
97%
de
92%
het
90%
Het
90%
ben
85%
Een
85%
een
85%
En
82%
en
82%
jou
79%
jou,
79%
op
79%
Op
79%
't Is
79%
zijn
79%
dat
77%
is
77%
heb
74%
In
74%
in
74%
maar
74%
Maar
74%
mij
74%
waar
74%
Waar
74%
We
74%
die
72%
Die
72%
je
72%
Je
72%
met
72%
oe-wo-oe-oh-o
72%
zou
72%
dacht
69%
hem
69%
lied
69%
nooit
69%
alleen
67%
beleven
67%
dag
67%
deze
67%
er
67%
film
67%
leven
67%
nacht
67%
Niet
67%
ons
67%
's nachts
67%
van
67%
wat
67%
wordt
67%
ziet
67%
alles
64%
beleef
64%
bezongen
64%
films
64%
heeft
64%
mijn
64%
mooiste
64%
normaal
64%
of
64%
Waarvan
64%
bed
62%
hotel
62%
kunnen
62%
lig
62%
stad
62%
vraagt
62%
zin
62%
fles
59%
kent
59%
kledingstukken
59%
lege
59%
liggen
59%
ligt
59%
niemand
59%
sigaret
59%
twee
59%
uur
59%
vannacht
59%
Vannacht
59%
verwacht
59%
vloer
59%
wijn
59%
zacht
59%
denk
56%
Nu
56%
oh-oh-oh-oh
56%
oh-oh-oh-oh-oh
56%
oh-oh-oh-o-oh
56%
radio
56%
stoort
56%
aan
54%
gaan
54%
hoort
54%
licht
54%
naar
54%
nog
54%
schemering,
54%
door
51%
hier
51%
komt
51%
begon
49%
hou
49%
plafond
49%
reis
49%
staar
49%
gehad
46%
net
46%
voor
46%
wakker
46%
weer
46%
wildvreemde
46%
bij
44%
eindigen
44%
vandoor
44%
wetend
44%
geleden
41%
helaas,
41%
ja
41%
lang
41%
ramen
41%
stil
41%
zomaar
41%
gestaan
38%
gezet.
38%
levensecht!
38%
scène
38%
wereld
33%
woorden,
33%
Hoewel
31%
slechts
31%
blijft
28%

Scoreverdeling

Percentiel versus Aantal Correcte Antwoorden

Procent van Mensen met Elke Score

Uw Scoregeschiedenis

U heeft deze quiz nog niet genomen